| 000 | 01634nam a2200385 a 4500 | ||
|---|---|---|---|
| 003 | DO-SdBNP | ||
| 005 | 20251009130555.0 | ||
| 007 | ta | ||
| 008 | 221111e1988 dr a|||gre||| 001 0 spa d | ||
| 040 |
_aDO-SdBNP _bspa _cBNPHU _erda |
||
| 041 |
_aspa _heng |
||
| 082 | 4 |
_axxx _bC352 _222 |
|
| 100 | 1 |
_aCastillo, José del _92145 _eautor _4aut. |
|
| 245 | 1 | 0 |
_aAntologia del merengue = Anthology of the merengue. / _cJosé del Castillo, Manuel A. García Arevalo; Editor, Francis Pou; Traductor, Jeannie Ash de Pou, Giselle Scanlon; Fotograf. Leonel Castillo Mariano Hernández |
| 264 |
_aSanto Domingo : _bBanco Antillano, _c1988. |
||
| 300 |
_a91 páginas : _bilustraciones ; _c30 cm. |
||
| 336 |
_atexto _btxt _2rdacontent |
||
| 337 |
_asin mediación _bn _2rdamedia |
||
| 338 |
_avolumen _bnc _2rdacarrier |
||
| 500 | _aLibro en español e inglés. | ||
| 500 | _aEl ejemplar No. 2 es la primera reimpresión del 1989. | ||
| 590 | _aInventariado 2022 / MF | ||
| 650 | 4 |
_980876 _aHistoria _xMerengue _zRepública Dominicana |
|
| 650 | 0 |
_aAntología literaria _vMerengue _xRepública Dominicana _920495 |
|
| 650 | 0 |
_922775 _aCanciones _xPoesías _zRepública Dominicana |
|
| 650 | 4 |
_92541 _aMúsica Popular _xRepública Dominicana |
|
| 700 | 1 |
_a García Arévalo, Manuel Antonio _d1948- _eautor _959457 _4aut. |
|
| 700 | 1 |
_952106 _aPou, Francis _eeditor _4ed. |
|
| 700 | 1 |
_972347 _aAsh Pou, Jeannie de _etraductora _4trad. |
|
| 700 | 1 |
_aScalon, Giselle _etraductora _982803 _4trad. |
|
| 700 | 1 |
_978619 _aCastillo, Leonel _efotógrafo _4fot. |
|
| 700 |
_959875 _aHernández, Mariano _efotógrafo _4fot. |
||
| 910 | _aMFeliz | ||
| 942 |
_2ddc _cLBS1 |
||
| 999 |
_c52895 _d52895 |
||